[Event "SR 2. liga A 2005/2006"]
[Site "?"]
[Date "2006.03.11"]
[Round "58.8"]
[White "Antol, Ladislav"]
[Black "Sefcik, Marek"]
[Result "1/2-1/2"]
[WhiteElo "2046"]
[BlackElo "1971"]
[PlyCount "39"]
[EventDate "2005.??.??"]

1. e4 Nc6 2. Nf3 d5 3. exd5 Qxd5 4. Nc3 Qa5 5. d4 Bg4 6. Bb5 O-O-O 7. Bxc6 bxc6
8. Qe2 Bxf3 9. Qxf3 e5 10. Qf5+ Kb7 11. Qxe5 Qxe5+ 12. dxe5 Re8 13. f4 f6 14.
O-O Bc5+ 15. Kh1 fxe5 16. Ne4 Bb6 17. Ng3 exf4 18. Bxf4 Nf6 19. Rae1 Rxe1 20.
Rxe1 1/2-1/2

[Event "SR 2. liga A 2005/2006"]
[Site "?"]
[Date "2006.03.11"]
[Round "59.1"]
[White "Pacher, Milan"]
[Black "Vlcek, Stanislav"]
[Result "1/2-1/2"]
[WhiteElo "2216"]
[BlackElo "2238"]
[PlyCount "26"]
[EventDate "2005.??.??"]

1. d4 Nf6 2. c4 g6 3. g3 Bg7 4. Bg2 O-O 5. Nc3 d6 6. Nf3 Nbd7 7. O-O e5 8. e4
c6 9. b3 Re8 10. Bb2 exd4 11. Nxd4 Nc5 12. Re1 a5 13. Qd2 Nfd7 1/2-1/2

[Event "SR 2. liga A 2005/2006"]
[Site "?"]
[Date "2006.03.11"]
[Round "59.2"]
[White "Duriga, Stefan"]
[Black "Oprea, Erik"]
[Result "0-1"]
[WhiteElo "2263"]
[BlackElo "2144"]
[PlyCount "157"]
[EventDate "2005.??.??"]

1. d4 d6 2. c4 c6 3. Nc3 g6 4. e4 Bg7 5. Be3 Qc7 6. Qd2 e5 7. d5 c5 8. Bd3 f5
9. f3 f4 10. Bf2 Nf6 11. O-O-O a6 12. Kb1 Nbd7 13. Nge2 g5 14. Rc1 Nf8 15. Rc2
Ng6 16. Nc1 Bd7 17. Ka1 h5 18. h3 Kf7 19. a3 g4 20. b4 b6 21. bxc5 bxc5 22. Rb2
Rab8 23. Rxb8 Rxb8 24. hxg4 hxg4 25. Bc2 g3 26. Be1 Qa5 27. Ka2 Qb6 28. Bb3 Ne8
29. Qc2 Nc7 30. Bd2 Rh8 31. Rxh8 Bxh8 32. Ba4 Bxa4 33. Nxa4 Qb8 34. Nd3 Bf6 35.
Ba5 Bd8 36. Qc1 Na8 37. Bc3 Bc7 38. Qh1 Kg7 39. Qh3 Qe8 40. Kb3 Nb6 41. Nxb6
Bxb6 42. Qg4 Kg8 43. Qf5 Bc7 44. Qf6 Qb8+ 45. Kc2 Qe8 46. Kb3 Qb8+ 47. Ka2 Qe8
48. Ne1 Nf8 49. Qg5+ Ng6 50. Nd3 Bd8 51. Qg4 Bc7 52. Nb2 Kf7 53. Nd3 Kg8 54.
Qe6+ Qxe6 55. dxe6 Kf8 56. Kb3 Ke7 57. Ka4 Kxe6 58. Ba5 Kd7 59. Bc3 Kc6 60. Kb3
Nh4 61. Ne1 Ng6 62. a4 Nf8 63. Ka3 Ne6 64. Kb3 Nd8 65. Ka3 Nb7 66. Nd3 Kd7 67.
Kb3 Kc6 68. Bd2 Nd8 69. Bc3 Ne6 70. Ne1 Bd8 71. Nd3 Ng5 72. Ne1 Be7 73. Ba5 Ne6
74. Bc3 Kb6 75. Kb2 Bf6 76. Nd3 Ng5 77. Ne1 Nf7 78. Kb3 Nd8 79. Bd2 0-1

[Event "SR 2. liga A 2005/2006"]
[Site "?"]
[Date "2006.03.11"]
[Round "59.3"]
[White "Eged, Igor"]
[Black "Petrik, Karol"]
[Result "1-0"]
[WhiteElo "2107"]
[BlackElo "2230"]
[PlyCount "83"]
[EventDate "2005.??.??"]

1. d4 Nf6 2. c4 c5 3. Nf3 cxd4 4. Nxd4 e6 5. Nc3 Bc5 6. Nb3 Bb4 7. Bd2 O-O 8.
a3 Be7 9. e4 d5 10. cxd5 exd5 11. exd5 Nxd5 12. Qf3 Nf6 13. Be2 Nc6 14. Rd1 Bg4
15. Qg3 Bxe2 16. Nxe2 Ne4 17. Qf3 f5 18. Bf4 Qe8 19. Qd3 Rf7 20. O-O g5 21. Bc1
Rd8 22. Qc4 Ne5 23. Qe6 Nd3 24. Ned4 Rd6 25. Qc4 Ne5 26. Qe2 Qa4 27. f3 Nc6 28.
Nxf5 Qxb3 29. fxe4 Re6 30. Qh5 Rg6 31. Nh6+ Rxh6 32. Qxh6 Rxf1+ 33. Rxf1 Ne5
34. Qh5 Qb5 35. Qd1 Nd3 36. Qf3 Qc4 37. Be3 Nxb2 38. Rc1 Qe6 39. Bd4 Nc4 40.
Qb3 b5 41. Qxb5 Nd2 42. Qe8+ 1-0

[Event "SR 2. liga A 2005/2006"]
[Site "?"]
[Date "2006.03.11"]
[Round "59.4"]
[White "Bronis, Marian"]
[Black "Zamecnik, Frantisek"]
[Result "1-0"]
[WhiteElo "2133"]
[BlackElo "2101"]
[PlyCount "25"]
[EventDate "2005.??.??"]

1. d4 Nf6 2. c4 e6 3. Nc3 d5 4. Nf3 Be7 5. Bf4 O-O 6. e3 c5 7. dxc5 Bxc5 8. a3
Nc6 9. Be2 Re8 10. cxd5 exd5 11. O-O Bf5 12. b4 Bf8 13. Nd4 1-0

[Event "SR 2. liga A 2005/2006"]
[Site "?"]
[Date "2006.03.11"]
[Round "59.5"]
[White "Breja, Stanislav"]
[Black "Sukuba, Zdeno"]
[Result "1/2-1/2"]
[WhiteElo "2091"]
[BlackElo "2108"]
[PlyCount "49"]
[EventDate "2005.??.??"]

1. e4 c6 2. d4 d5 3. e5 Bf5 4. c3 e6 5. Be3 h5 6. Nd2 Nd7 7. Ngf3 Be7 8. Be2
Nh6 9. Bxh6 Rxh6 10. c4 g5 11. h3 Qb6 12. Qc1 O-O-O 13. c5 Qa5 14. a3 Rdh8 15.
b4 Qd8 16. b5 Nb8 17. a4 g4 18. Ng1 Qa5 19. Qb2 f6 20. f4 fxe5 21. fxe5 Bg5 22.
Kd1 Rf8 23. Ra3 Rf7 24. Qc3 Qxc3 25. Rxc3 1/2-1/2

[Event "SR 2. liga A 2005/2006"]
[Site "?"]
[Date "2006.03.11"]
[Round "59.6"]
[White "Kebis, Milos"]
[Black "Isa, Vlastimil"]
[Result "0-1"]
[WhiteElo "2038"]
[BlackElo "1974"]
[PlyCount "60"]
[EventDate "2005.??.??"]

1. Nf3 Nf6 2. d4 c5 3. d5 d6 4. c4 e6 5. Nc3 exd5 6. cxd5 g6 7. e4 Bg7 8. Bf4
O-O 9. Be2 Bg4 10. h3 Bxf3 11. Bxf3 Re8 12. O-O a6 13. a4 Qc7 14. g4 Nfd7 15.
a5 Ne5 16. Be2 Qe7 17. Qd2 Nbd7 18. Bg3 g5 19. Nd1 Ng6 20. Ne3 Qxe4 21. Bd3 Qf3
22. Bf5 Nde5 23. Ra3 Nf4 24. Qc2 Neg6 25. Kh2 Rxe3 26. fxe3 Qxf1 27. exf4 gxf4
28. Bf2 f3 29. Bg3 Bd4 30. h4 Bg1+ 0-1

[Event "SR 2. liga A 2005/2006"]
[Site "?"]
[Date "2006.03.11"]
[Round "59.7"]
[White "Zdrazil, Bohumir"]
[Black "Mandak, Miroslav"]
[Result "1/2-1/2"]
[WhiteElo "1962"]
[BlackElo "2072"]
[PlyCount "107"]
[EventDate "2005.??.??"]

1. Nf3 Nf6 2. c4 g6 3. Nc3 Bg7 4. g3 O-O 5. Bg2 d6 6. O-O Nbd7 7. d3 c6 8. Rb1
Rb8 9. b4 e6 10. d4 d5 11. Bf4 Ra8 12. c5 Nh5 13. Bd6 Re8 14. Ne5 Bf8 15. Bxf8
Nxf8 16. b5 Bd7 17. bxc6 bxc6 18. Bf3 f6 19. Nxd7 Qxd7 20. e3 Ng7 21. Qa4 Rab8
22. Rb3 Rxb3 23. Qxb3 Rc8 24. Rb1 Rc7 25. a4 Nf5 26. a5 Ne7 27. a6 e5 28. dxe5
f5 29. Qb8 Kg7 30. Rb7 Ne6 31. Qxa7 Kf7 32. Na4 Nc8 33. Rxc7 Qxc7 34. Qb7 Na7
35. Be2 g5 36. Nb6 g4 37. Bd1 Kg6 38. Qxc7 Nxc7 39. Be2 Kf7 40. f4 gxf3 41.
Bxf3 Nxa6 42. g4 Ke6 43. gxf5+ Kxe5 44. e4 dxe4 45. f6 Kxf6 46. Bxe4 h6 47. Na4
Ke5 48. Bf3 Kd4 49. Kf2 Nxc5 50. Nxc5 Kxc5 51. Kg3 Kd6 52. Kh4 Ke5 53. Bxc6
Nxc6 54. Kh5 1/2-1/2

[Event "SR 2. liga A 2005/2006"]
[Site "?"]
[Date "2006.03.11"]
[Round "60.1"]
[White "Magyar, Frantisek"]
[Black "Petrik, Stanislav"]
[Result "0-1"]
[WhiteElo "1990"]
[BlackElo "2246"]
[PlyCount "56"]
[EventDate "2005.??.??"]

1. Nf3 Nf6 2. d4 e6 3. c4 b6 4. a3 Ba6 5. Qc2 c5 6. dxc5 Bxc5 7. b4 Be7 8. Bb2
O-O 9. g3 d5 10. Nbd2 Nbd7 11. cxd5 Nxd5 12. Bg2 Bf6 13. Ne4 Bxb2 14. Qxb2 N7f6
15. Nd4 Rc8 16. O-O Nxe4 17. Bxe4 Nc3 18. Nc6 Qf6 19. Rfe1 Rc7 20. Bg2 Nxe2+
21. Rxe2 Bxe2 22. Ne5 Ba6 23. Re1 Rfc8 24. Be4 Bb5 25. h4 Rc3 26. Kh2 Rc2 27.
Bxc2 Qxf2+ 28. Kh3 Qxe1 0-1

[Event "SR 2. liga A 2005/2006"]
[Site "?"]
[Date "2006.03.11"]
[Round "60.2"]
[White "Biro, Karol"]
[Black "Lutter, Ladislav"]
[Result "1-0"]
[WhiteElo "2172"]
[BlackElo "2189"]
[PlyCount "181"]
[EventDate "2005.??.??"]

1. c4 c5 2. g3 g6 3. Bg2 Bg7 4. e3 Nc6 5. Ne2 Nf6 6. Nbc3 a6 7. d4 cxd4 8. exd4
e6 9. d5 Ne5 10. b3 O-O 11. O-O d6 12. dxe6 fxe6 13. h3 Rb8 14. Ba3 Nf7 15. Nd4
Re8 16. Qd2 Bd7 17. Rad1 Qc7 18. Nc2 Bf8 19. Qd4 Be7 20. Ne3 Bc6 21. Ne4 Bxe4
22. Bxe4 Nxe4 23. Qxe4 Bf8 24. Bb2 Bg7 25. Bxg7 Kxg7 26. Qd4+ e5 27. Qb2 b5 28.
Nd5 Qa7 29. cxb5 Rxb5 30. h4 Qb7 31. Qd2 e4 32. f4 Qa7+ 33. Qd4+ Qxd4+ 34. Rxd4
Nh6 35. Ne3 Re6 36. g4 Nf7 37. Rc1 h5 38. g5 Rb7 39. Rc8 Rd7 40. Nd5 e3 41. Kf1
Rd8 42. Rc7 Rde8 43. Ke2 Re4 44. Rd3 a5 45. Rxe3 a4 46. Kd3 Rxe3+ 47. Nxe3 axb3
48. axb3 Rb8 49. Kc3 Kf8 50. Nd5 Nd8 51. b4 Ne6 52. Rc6 Rd8 53. Kc4 Rd7 54. b5
Nd8 55. Rc8 Kf7 56. b6 Ke6 57. Rc7 Nb7 58. Nf6 d5+ 59. Kd4 Rxc7 60. bxc7 Nd6
61. Nxd5 Kd7 62. Ke5 Nf5 63. Kf6 Nxh4 64. Ne7 Kxc7 65. Nxg6 Nxg6 66. Kxg6 h4
67. f5 h3 68. f6 h2 69. f7 h1=Q 70. f8=Q Qh4 71. Qg7+ Kd6 72. Qf6+ Kc7 73. Kg7
Kc8 74. Qe6+ Kd8 75. g6 Qg3 76. Qf7 Qg4 77. Kg8 Qg5 78. Qe6 Qh6 79. Kf7 Qh5 80.
Kg8 Qh6 81. Qf7 Qg5 82. Kh8 Qh4+ 83. Qh7 Qf6+ 84. g7 Ke7 85. Qh5 Qd4 86. Qg5+
Kf7 87. Qf5+ Ke7 88. Qf8+ Ke6 89. Qe8+ Kf5 90. Qh5+ Ke6 91. Kh7 1-0

[Event "SR 2. liga A 2005/2006"]
[Site "?"]
[Date "2006.03.11"]
[Round "60.3"]
[White "Kucera, Michal"]
[Black "Krajnak, Robert"]
[Result "0-1"]
[WhiteElo "1988"]
[BlackElo "2089"]
[PlyCount "38"]
[EventDate "2005.??.??"]

1. e4 c5 2. Nf3 e6 3. d4 cxd4 4. Nxd4 Nc6 5. Nc3 d6 6. Be2 Nf6 7. Be3 Bd7 8.
O-O Be7 9. f4 O-O 10. Nb3 a6 11. a4 b6 12. Bf3 Qc7 13. Rf2 Rab8 14. Rd2 Na5 15.
Nxa5 bxa5 16. e5 dxe5 17. fxe5 Qxe5 18. Bd4 Bc5 19. b3 Bxd4+ 0-1

[Event "SR 2. liga A 2005/2006"]
[Site "?"]
[Date "2006.03.11"]
[Round "60.4"]
[White "Farkas, Vladimir"]
[Black "Tomanek, Rafael"]
[Result "0-1"]
[WhiteElo "2061"]
[BlackElo "2000"]
[PlyCount "52"]
[EventDate "2005.??.??"]

1. e4 Nf6 2. Nc3 d5 3. exd5 Nxd5 4. Nxd5 Qxd5 5. d4 Nc6 6. Be3 e5 7. dxe5 Qxe5
8. c3 Bd6 9. Nf3 Qh5 10. Be2 Bg4 11. h3 O-O 12. Rf1 Bxf3 13. Bxf3 Qg6 14. Bxc6
bxc6 15. Qf3 Rab8 16. O-O-O Ba3 17. bxa3 Rb1+ 18. Kd2 Rb2+ 19. Ke1 Qc2 20. Rd2
Qxc3 21. Ke2 Qc4+ 22. Ke1 Rb1+ 23. Rd1 Rd8 24. Bd2 Re8+ 25. Be3 Qc3+ 26. Ke2
Rb2+ 0-1

[Event "SR 2. liga A 2005/2006"]
[Site "?"]
[Date "2006.03.11"]
[Round "60.5"]
[White "Priam, Stefan"]
[Black "Goga, Frantisek"]
[Result "0-1"]
[WhiteElo "1965"]
[BlackElo "2019"]
[PlyCount "140"]
[EventDate "2005.??.??"]

1. d4 Nf6 2. Nf3 g6 3. c4 Bg7 4. Nc3 O-O 5. Bg5 d6 6. e3 Bg4 7. Be2 Nbd7 8. h3
Bxf3 9. Bxf3 c6 10. Qc2 Qa5 11. Bxf6 Nxf6 12. O-O e5 13. Rab1 Qb4 14. Be2 exd4
15. exd4 d5 16. a3 Qd6 17. c5 Qf4 18. Rbd1 Rfe8 19. Bf3 Re7 20. b4 Rae8 21. Ne2
Qh4 22. Kh2 Ne4 23. g3 Qf6 24. Kg2 Ng5 25. Ng1 h5 26. h4 Ne4 27. Ne2 Qf5 28.
Qd3 g5 29. hxg5 Qxg5 30. Rh1 Nxg3 31. fxg3 Re3 32. Qd2 Bh6 33. Nf4 Qf6 34. Rxh5
Bxf4 35. gxf4 Qxf4 36. Rh3 R8e6 37. Rg3+ Kf8 38. Qf2 Rxa3 39. Rg4 Qf5 40. Rh1
Qf6 41. Rh3 Ree3 42. Rhg3 Qf5 43. Rg8+ Ke7 44. R8g5 Qb1 45. Kh3 Qxb4 46. Bh5
Rxg3+ 47. Rxg3 Rxg3+ 48. Kxg3 b6 49. Qxf7+ Kd8 50. Qf8+ Kc7 51. Qd6+ Kb7 52.
Qd7+ Ka6 53. Be2+ b5 54. Qxc6+ Ka5 55. Qxd5 Qe1+ 56. Kf3 Qh1+ 57. Ke3 Qxd5 58.
Bf3 Qe6+ 59. Kd3 Qf5+ 60. Ke3 Qe6+ 61. Kd3 Qb3+ 62. Ke4 Qc2+ 63. Ke5 Qh2+ 64.
Ke4 Qh4+ 65. Ke3 b4 66. c6 Kb6 67. d5 b3 68. d6 Qh6+ 69. Kd3 Qxd6+ 70. Kc3 Qg3
0-1

[Event "SR 2. liga A 2005/2006"]
[Site "?"]
[Date "2006.03.11"]
[Round "60.6"]
[White "Raczko, Peter"]
[Black "Orolin, Peter"]
[Result "0-1"]
[WhiteElo "2041"]
[BlackElo "1900"]
[PlyCount "80"]
[EventDate "2005.??.??"]

1. e4 c5 2. c3 d5 3. exd5 Qxd5 4. d4 Nc6 5. Nf3 e6 6. Na3 a6 7. Nc2 Nf6 8. Be2
Be7 9. O-O O-O 10. Be3 cxd4 11. Nfxd4 Nxd4 12. Nxd4 e5 13. Nf3 Qxd1 14. Rfxd1
Nd7 15. Rd2 f6 16. Rad1 Nc5 17. Bc4+ Kh8 18. Bd5 Ne6 19. Bb6 Bc5 20. Ba5 Nf4
21. Be4 g6 22. Rd8 f5 23. Rxf8+ Bxf8 24. Rd8 fxe4 25. Nxe5 Kg7 26. Bc7 Ne6 27.
Rd2 Nxc7 28. c4 Be6 29. b3 Be7 30. Re2 Rd8 31. f4 Bc5+ 32. Kf1 Rd1+ 33. Re1
Rxe1+ 34. Kxe1 Bd6 35. Ke2 Bxe5 36. fxe5 Bf5 37. Ke3 Kf7 38. h3 h5 39. b4 Ke6
40. Kd4 e3 0-1

[Event "SR 2. liga A 2005/2006"]
[Site "?"]
[Date "2006.03.11"]
[Round "60.7"]
[White "Kersten, Juraj"]
[Black "Deak, Gabriel"]
[Result "0-1"]
[WhiteElo "1930"]
[BlackElo "2038"]
[PlyCount "75"]
[EventDate "2005.??.??"]

1. e4 c5 2. b4 cxb4 3. d4 Nf6 4. Bd3 g6 5. Ne2 Bg7 6. O-O O-O 7. e5 Nd5 8. Nd2
d6 9. exd6 Qxd6 10. Nc4 Qc7 11. a3 bxa3 12. Nxa3 Nc6 13. c3 a6 14. Nc2 Bg4 15.
f3 Bd7 16. Bd2 a5 17. f4 e6 18. h4 h5 19. Ng3 Bf6 20. Nxh5 gxh5 21. Qxh5 Rfc8
22. Rf3 Kf8 23. Re1 Be8 24. Rg3 Qd7 25. f5 e5 26. dxe5 Nxe5 27. Bh6+ Ke7 28. c4
Nb4 29. Nxb4 axb4 30. Rxe5+ Bxe5 31. f6+ Bxf6 32. Re3+ Kd8 33. Bf5 Ra1+ 34. Kh2
Qd6+ 35. Kh3 Rh1+ 36. Kg4 Rxc4+ 37. Re4 Rxe4+ 38. Bxe4 0-1

[Event "SR 2. liga A 2005/2006"]
[Site "?"]
[Date "2006.03.11"]
[Round "60.8"]
[White "Vinarcik, Jan"]
[Black "Halasz, Michal"]
[Result "1/2-1/2"]
[WhiteElo "2046"]
[BlackElo "1902"]
[PlyCount "80"]
[EventDate "2005.??.??"]

1. e4 e5 2. Nf3 Nc6 3. Bb5 a6 4. Bxc6 dxc6 5. d4 exd4 6. Qxd4 Qxd4 7. Nxd4 Bd7
8. Be3 O-O-O 9. Nc3 Ne7 10. O-O-O c5 11. Nde2 f6 12. Bxc5 b6 13. Be3 g5 14. h4
g4 15. Nf4 h5 16. Ncd5 Nxd5 17. Rxd5 Bh6 18. Rhd1 Bxf4 19. Bxf4 Bc6 20. Rxd8+
Rxd8 21. Rxd8+ Kxd8 22. f3 gxf3 23. gxf3 f5 24. exf5 Bxf3 25. Kd2 Be4 26. f6 c6
27. a3 Bd5 28. c3 Kd7 29. Ke3 a5 30. Kd4 b5 31. a4 Bb3 32. axb5 cxb5 33. Kc5
Bc4 34. Bg5 Ke6 35. b3 Be2 36. Kd4 a4 37. bxa4 bxa4 38. c4 a3 39. Bc1 Kxf6 40.
Bxa3 Ke6 1/2-1/2

[Event "SR 2. liga A 2005/2006"]
[Site "?"]
[Date "2006.03.12"]
[Round "61.1"]
[White "Tepper, Frantisek"]
[Black "Lanc, Alois"]
[Result "1/2-1/2"]
[WhiteElo "2182"]
[BlackElo "2419"]
[PlyCount "29"]
[EventDate "2005.??.??"]

1. e4 g6 2. d4 Bg7 3. Bc4 d6 4. Nc3 e5 5. Be3 Nc6 6. d5 Nce7 7. g4 Bh6 8. Bxh6
Nxh6 9. h3 f6 10. Bd3 Nf7 11. Qf3 Ng8 12. Qg2 c5 13. Nge2 Bd7 14. Ng3 a6 15. f3
1/2-1/2

[Event "SR 2. liga A 2005/2006"]
[Site "?"]
[Date "2006.03.12"]
[Round "61.2"]
[White "Jablonicky, Frantisek"]
[Black "Fabry, Robert"]
[Result "1/2-1/2"]
[WhiteElo "2246"]
[BlackElo "2205"]
[PlyCount "25"]
[EventDate "2005.??.??"]

1. d4 Nf6 2. g3 c5 3. c4 cxd4 4. Qxd4 Nc6 5. Qd1 d5 6. cxd5 Qxd5 7. Qxd5 Nxd5
8. Na3 e5 9. Bg2 Bb4+ 10. Kf1 Be6 11. Nf3 Rd8 12. Ng5 Bc8 13. Nh3 1/2-1/2

[Event "SR 2. liga A 2005/2006"]
[Site "?"]
[Date "2006.03.12"]
[Round "61.3"]
[White "Janos, Jozef"]
[Black "Szitkey, Milan"]
[Result "1/2-1/2"]
[WhiteElo "2227"]
[BlackElo "2220"]
[PlyCount "23"]
[EventDate "2005.??.??"]

1. d4 Nf6 2. Nf3 e6 3. g3 b6 4. Bg2 Bb7 5. O-O Be7 6. c4 d5 7. b3 O-O 8. Bb2 c6
9. Nbd2 Nbd7 10. e3 Rc8 11. Rc1 Qc7 12. Ne5 1/2-1/2

[Event "SR 2. liga A 2005/2006"]
[Site "?"]
[Date "2006.03.12"]
[Round "61.4"]
[White "Felcir, Jaroslav"]
[Black "Hebelka, Milos"]
[Result "1-0"]
[WhiteElo "2197"]
[BlackElo "2102"]
[PlyCount "55"]
[EventDate "2005.??.??"]

1. e4 e5 2. Nf3 d6 3. d4 Nd7 4. dxe5 Nxe5 5. Nxe5 dxe5 6. Qxd8+ Kxd8 7. Bc4 f6
8. Be3 g5 9. Nc3 c6 10. h3 Ne7 11. O-O-O+ Kc7 12. h4 g4 13. h5 h6 14. a4 b6 15.
Rd2 f5 16. f4 Bg7 17. Rf1 fxe4 18. fxe5 Nf5 19. Bf4 Kb7 20. Nxe4 Re8 21. Nd6+
Nxd6 22. Rxd6 Bxe5 23. Bxe5 Rxe5 24. Rf7+ Kb8 25. Rxh6 b5 26. Bd3 a6 27. Rh8 g3
28. Bf5 1-0

[Event "SR 2. liga A 2005/2006"]
[Site "?"]
[Date "2006.03.12"]
[Round "61.5"]
[White "Hecht, Tomas"]
[Black "Miklas, Marian"]
[Result "1/2-1/2"]
[WhiteElo "1973"]
[BlackElo "2191"]
[PlyCount "30"]
[EventDate "2005.??.??"]

1. e4 c5 2. c3 e6 3. d4 d5 4. e5 Nc6 5. Nf3 Qb6 6. Bd3 Bd7 7. O-O cxd4 8. cxd4
Nxd4 9. Nxd4 Qxd4 10. Nc3 Qxe5 11. Re1 Qd6 12. Nb5 Qb8 13. Qf3 Bd6 14. Nxd6+
Qxd6 15. Bf4 Qe7 1/2-1/2

[Event "SR 2. liga A 2005/2006"]
[Site "?"]
[Date "2006.03.12"]
[Round "61.6"]
[White "Minich, Peter"]
[Black "Milanov, Jasen"]
[Result "1/2-1/2"]
[WhiteElo "2197"]
[BlackElo "1988"]
[PlyCount "33"]
[EventDate "2005.??.??"]

1. e4 e6 2. d4 d5 3. Nc3 dxe4 4. Nxe4 Nd7 5. Ne2 Ngf6 6. N2g3 Nxe4 7. Nxe4 Nf6
8. Bd3 Nxe4 9. Bxe4 c5 10. Be3 cxd4 11. Bxd4 Qc7 12. O-O Bd7 13. Qf3 Bc6 14.
Qc3 f6 15. Rfe1 e5 16. Bxc6+ bxc6 17. f4 1/2-1/2

[Event "SR 2. liga A 2005/2006"]
[Site "?"]
[Date "2006.03.12"]
[Round "61.7"]
[White "Janecek, Jan"]
[Black "Lukac, Roman"]
[Result "1/2-1/2"]
[WhiteElo "1990"]
[BlackElo "2153"]
[PlyCount "40"]
[EventDate "2005.??.??"]

1. d4 Nf6 2. Nf3 e6 3. e3 d5 4. c4 c6 5. Nbd2 Nbd7 6. b3 Bd6 7. Be2 O-O 8. Bb2
Qc7 9. O-O b6 10. Rc1 Bb7 11. h3 Rae8 12. cxd5 exd5 13. Bd3 Ne4 14. Qc2 f5 15.
Nb1 Qd8 16. Ba3 Bxa3 17. Nxa3 Re6 18. Nb1 Qe8 19. Nc3 Qh5 20. Be2 Qh6 1/2-1/2

[Event "SR 2. liga A 2005/2006"]
[Site "?"]
[Date "2006.03.12"]
[Round "61.8"]
[White "Nicolini, Alexander"]
[Black "Kuna, Vladimir"]
[Result "1/2-1/2"]
[WhiteElo "2153"]
[BlackElo "2094"]
[PlyCount "31"]
[EventDate "2005.??.??"]

1. e4 c5 2. Nf3 d6 3. c3 g6 4. d4 cxd4 5. cxd4 Bg7 6. Nc3 Nf6 7. Be2 O-O 8. O-O
b6 9. Re1 Bb7 10. Bf1 Nbd7 11. Bg5 h6 12. Bh4 g5 13. Bg3 Nh5 14. Rc1 Nxg3 15.
hxg3 a6 16. Bc4 1/2-1/2

[Event "SR 2. liga A 2005/2006"]
[Site "?"]
[Date "2006.03.12"]
[Round "62.1"]
[White "Hrivnak, Martin"]
[Black "Halas, Miroslav"]
[Result "1-0"]
[WhiteElo "2177"]
[BlackElo "2004"]
[PlyCount "59"]
[EventDate "2005.??.??"]

1. Nf3 d5 2. g3 c5 3. Bg2 Nc6 4. d4 e6 5. O-O Nf6 6. c3 Bd6 7. dxc5 Bxc5 8. b4
Bb6 9. Nbd2 O-O 10. a4 a5 11. b5 Ne7 12. Ba3 Re8 13. c4 dxc4 14. Nxc4 Ned5 15.
Nd6 Re7 16. e4 Nb4 17. e5 Rd7 18. Ng5 Bc5 19. Ngxf7 Qb6 20. Qb3 Nfd5 21. Bxb4
axb4 22. Bxd5 exd5 23. Qxd5 Kf8 24. Rac1 Rc7 25. Ng5 g6 26. Nc4 Qa7 27. Qd8+
Kg7 28. Qxc7+ Kh6 29. h4 Bg4 30. Qxh7# 1-0

[Event "SR 2. liga A 2005/2006"]
[Site "?"]
[Date "2006.03.12"]
[Round "62.2"]
[White "Arendas, Marek"]
[Black "Chovanec, Vladimir"]
[Result "1/2-1/2"]
[WhiteElo "2111"]
[BlackElo "2110"]
[PlyCount "44"]
[EventDate "2005.??.??"]

1. e4 g6 2. d4 Bg7 3. Nc3 c6 4. d5 d6 5. Be3 Nf6 6. Qd2 Qa5 7. f3 Na6 8. Nge2
Bd7 9. Nd4 cxd5 10. Nb3 Qd8 11. exd5 O-O 12. Bh6 Rc8 13. Bxg7 Kxg7 14. Bxa6
bxa6 15. Qd4 Qb6 16. O-O-O Bb5 17. Rhe1 Rfe8 18. Re3 Bc4 19. g4 Kg8 20. Qd2
Nxd5 21. Nxd5 Bxd5 22. Rde1 Bxb3 1/2-1/2

[Event "SR 2. liga A 2005/2006"]
[Site "?"]
[Date "2006.03.12"]
[Round "62.3"]
[White "Bednar, Jan"]
[Black "Stetina, Erik"]
[Result "1-0"]
[WhiteElo "2146"]
[BlackElo "1871"]
[PlyCount "75"]
[EventDate "2005.??.??"]

1. e4 e5 2. Nf3 Nc6 3. Bb5 a6 4. Ba4 Nf6 5. O-O b5 6. Bb3 Be7 7. Re1 O-O 8. a4
Bb7 9. d3 d6 10. c3 Nb8 11. axb5 axb5 12. Rxa8 Bxa8 13. Na3 c6 14. d4 Nbd7 15.
Qd3 Qb8 16. Bc2 Bb7 17. b4 Rd8 18. Nd2 Nf8 19. Nb3 Qa8 20. f3 Ne6 21. Na5 Nc7
22. Rd1 Ba6 23. Qe3 Ne6 24. Bb3 Nf4 25. Qf2 Ng6 26. Be3 Bc8 27. Qa2 d5 28. dxe5
Nxe5 29. Bb6 Rd7 30. exd5 cxd5 31. Bd4 Nc4 32. Nxb5 Nxa5 33. Ra1 Qc6 34. Qxa5
Bd8 35. Na7 Qa8 36. Qa4 Re7 37. Nc6 Re1+ 38. Rxe1 1-0

[Event "SR 2. liga A 2005/2006"]
[Site "?"]
[Date "2006.03.12"]
[Round "62.4"]
[White "Hagara, Vladimir"]
[Black "Lauf, Pavol"]
[Result "0-1"]
[WhiteElo "1968"]
[BlackElo "2116"]
[PlyCount "34"]
[EventDate "2005.??.??"]

1. c4 g6 2. Nc3 Bg7 3. e4 e5 4. g3 Nc6 5. Bg2 d6 6. Nge2 Be6 7. d3 Qd7 8. O-O
Bh3 9. Nd5 O-O-O 10. Bd2 h5 11. f3 Bxg2 12. Kxg2 f5 13. Bg5 Rf8 14. b4 h4 15.
gxh4 Bh6 16. Rg1 Bxg5 17. hxg5 fxe4 0-1

[Event "SR 2. liga A 2005/2006"]
[Site "?"]
[Date "2006.03.12"]
[Round "62.5"]
[White "Stefan, Oldrich"]
[Black "Klanica, Anton"]
[Result "1/2-1/2"]
[WhiteElo "2080"]
[BlackElo "1906"]
[PlyCount "62"]
[EventDate "2005.??.??"]

1. d4 Nf6 2. Nf3 d5 3. c4 Bf5 4. Qb3 b6 5. Nc3 e6 6. Bf4 Bd6 7. Bxd6 Qxd6 8. g3
O-O 9. Bg2 Be4 10. O-O Qd8 11. Rac1 Bxf3 12. Bxf3 c6 13. Rfd1 Nbd7 14. cxd5
cxd5 15. e4 dxe4 16. Nxe4 Nxe4 17. Bxe4 Rc8 18. Qa4 Nf6 19. Bg2 Rc7 20. Rxc7
Qxc7 21. d5 exd5 22. Bxd5 Rd8 23. Bf3 Rxd1+ 24. Qxd1 h6 25. Kg2 Kf8 26. Qd2 Qd7
27. Qxd7 Nxd7 28. Be4 Nc5 29. Bc2 Ke7 30. Kf3 Kf6 31. Ke3 Ke5 1/2-1/2

[Event "SR 2. liga A 2005/2006"]
[Site "?"]
[Date "2006.03.12"]
[Round "62.6"]
[White "Vagovsky, Jozef"]
[Black "Bury, Rastislav"]
[Result "0-1"]
[WhiteElo "1839"]
[BlackElo "2076"]
[PlyCount "58"]
[EventDate "2005.??.??"]

1. d4 Nf6 2. Nf3 g6 3. c4 c5 4. e3 Bg7 5. Nc3 O-O 6. Be2 cxd4 7. Nxd4 Nc6 8.
Nc2 d6 9. e4 Be6 10. Rb1 Ne5 11. Ne3 Qc8 12. Ncd5 Bxd5 13. exd5 a5 14. a4 Ne4
15. O-O f5 16. Qc2 Nc5 17. f3 Na6 18. b3 Nb4 19. Qd1 f4 20. Nc2 Qf5 21. Rb2
Nxc4 22. Bxc4 Bxb2 23. Nxb4 Bxc1 24. Qxc1 axb4 25. Re1 Qf6 26. Qd2 Qc3 27. Qxc3
bxc3 28. Rc1 Rfc8 29. Kf1 Rxa4 0-1

[Event "SR 2. liga A 2005/2006"]
[Site "?"]
[Date "2006.03.12"]
[Round "62.7"]
[White "Labar, Eduard"]
[Black "Sturdik, Igor"]
[Result "1/2-1/2"]
[WhiteElo "2061"]
[BlackElo "2026"]
[PlyCount "60"]
[EventDate "2005.??.??"]

1. d4 Nf6 2. Nf3 c5 3. e3 e6 4. c3 d5 5. Bd3 Bd6 6. dxc5 Bxc5 7. O-O O-O 8.
Nbd2 Nbd7 9. Qe2 b6 10. e4 dxe4 11. Nxe4 Bb7 12. Nxc5 Nxc5 13. Bb5 Qc8 14. Be3
Rd8 15. Rad1 Qc7 16. h3 Nce4 17. Rxd8+ Rxd8 18. Rd1 Rxd1+ 19. Qxd1 Qd6 20. Qxd6
Nxd6 21. Be2 Nd5 22. Bc1 f6 23. Nd4 Nc7 24. f3 e5 25. Nb3 Bd5 26. Be3 Bc4 27.
Kf2 Bxe2 28. Kxe2 Nc4 29. Bc1 f5 30. Nd2 Nxd2 1/2-1/2

[Event "SR 2. liga A 2005/2006"]
[Site "?"]
[Date "2006.03.12"]
[Round "62.8"]
[White "Steinecker, Frantisek"]
[Black "Macka, Oto"]
[Result "1-0"]
[WhiteElo "1350"]
[BlackElo "1956"]
[PlyCount "61"]
[EventDate "2005.??.??"]

1. e4 d5 2. exd5 Qxd5 3. Nc3 Qa5 4. d4 Nf6 5. Bd3 Nc6 6. Nge2 Bg4 7. Bb5 Bd7 8.
Bd2 O-O-O 9. Bc4 Qh5 10. f3 g5 11. Ng3 Qh4 12. Be3 Be6 13. Bxe6+ fxe6 14. Nce2
e5 15. c3 exd4 16. cxd4 e5 17. Qc2 Bb4+ 18. Kf2 exd4 19. Qf5+ Kb8 20. Bxg5 Qxg5
21. Qxg5 Rhf8 22. Rhd1 Rd5 23. Qg7 Rd7 24. Qg5 Rd5 25. Qh4 Bc5 26. Rd3 Ne5 27.
Nf4 Nfg4+ 28. Kg1 Rxf4 29. Qh5 Nxf3+ 30. gxf3 Rxh5 31. Nxh5 1-0